000 00832nam a2200229 a 4500
001 000009718
005 20240412074212.0
008 091001s1998 dr 000 p spa d
040 _aDO-SdBNP
_bspa
_cBNPHU
082 _aRD861.44
_bB562v
100 1 _aBetances, Félix,
_d1962-
_924621
245 1 0 _aVolar a través del día ;
_bLas formas que retornan /
_cFélix Betances, Nan Chevalier.
260 _aSanto Domingo :
_bBúho,
_c1998.
300 _a29, 26 p. ;
_c21 cm.
501 _aPublicado con: Las formas que retornan
563 _aDos obras publicadas juntas con encuadernación invertida.
590 _aInventariado, 2018/LP
650 0 _aPoesía dominicana
_966
650 0 _aLiteratura dominicana.
_967
700 2 _aChevalier, Nan,
_d1965-
_tLas formas que retornan
_924622
910 _aValidado. Control de calidad BNPHU
999 _c9478
_d9478